000 00519nam a2200193 a 4500
001 1764835984463
003 YourLibrary
005 20251204134438.0
008 251204s2004##################000#0#eng##
020 _a9781402080555
082 0 4 _a616.07997
_bSZE
100 1 _aSzebeni, Janos,
_eauthor.
245 1 0 _aThe Complement System :
260 _bSpringer Science & Business Media,
_c2004.
300 _a566 pages
650 0 _aHealth & Fitness.
942 _cENGLISH
040 _aYourLibrary
_beng
_cYourLibrary
999 _c600037
_d600037